Mixed Word: Agatha Christie Titles Quiz Stats

Quiz Updated May 3, 2016

Challenge
Share
Tweet
Embed
Score 0/16 Timer 05:00
0 Plays Today
Jumble Title % Correct
ERMDRU NO EHT NEITOR SPEXERSMurder on the Orient Express
94.4%
HATED NO TEH LINEDeath on the Nile
92.2%
EHT KOLCCSThe Clocks
91.2%
EHT NAM NI ETH WRONB IUTSThe Man in the Brown Suit
89.5%
HTE GIB UORFThe Big Four
89.2%
EDRRUM IN HET MWESMurder in the Mews
87.7%
VIFE TILLET GPISFive Little Pigs
81.9%
NDA NTHE HEERT WEER NNEOAnd Then There Were None
78.9%
Jumble Title % Correct
VIEL NDRUE HTE NSUEvil Under the Sun
78%
DKOCROE USHOECrooked House
70.3%
HTE ENSVE SDAIL TYERMYSThe Seven Dials Mystery
67.9%
HERET CAT DRAYGTEThree Act Tragedy
59.1%
RMS TMCNIYGS ADDEMrs McGinty's Dead
58.4%
MIENESSNemesis
51.7%
NESLDES THINGEndless Night
47.7%
HTE RSTEEC ARSYVAEDRThe Secret Adversary
29.8%

You're not logged in!

Compare scores with friends on all Sporcle quizzes.
Sign Up with Email
OR
Log In

You Might Also Like...

Show Comments

Extras

Top Quizzes Today


Score Distribution

Your Account Isn't Verified!

In order to create a playlist on Sporcle, you need to verify the email address you used during registration. Go to your Sporcle Settings to finish the process.